Logo BPK

Biblioteka

Politechniki Koszalińskiej

Hawthorne's short stories / (Rekord nr 47951)

Szczegóły MARC
000 -ETYKIETA REKORDU
podpole kontrolne o stałej długości 00502nam a2200169 i 4500
001 - NUMER KONTROLNY REKORDU
pole kontrolne bgj
040 ## - ŹRÓDŁO KATALOGOWANIA
Instytucja, która utworzyła rekord BPK
041 0# - KOD JĘZYKA
Kod języka tekstu eng
008 - POLE O STAŁEJ DŁUGOŚCI - DANE KONTROLNE
podpole kontrolne o stałej długości s uk f |000 0 eng
100 1# - NAZWA OSOBOWA
Nazwa osobowa HAWTHORNE, Nathaniel
Daty związane z nazwą (1804-1864).
245 00 - TYTUŁ/ODPOWIEDZIALNOŚĆ
Tytuł Hawthorne's short stories /
Pozostałe elementy strefy tytułu i oznaczenia odpowiedzialności edited and with an introduction by Newton Arvin.
260 ## - STREFA ADRESU WYDAWNICZEGO
Miejsce wydania New York :
Nazwa wydawcy/dystrybutora Vintage Books,
Data publikacji, dystrybucji/powstania dokumentu c. 1946.
300 ## - STREFA OPISU FIZYCZNEGO
Objętość [XXII], 363 pp +
Dokument towarzyszący 19 cm.
650 #9 - HASŁO PRZEDMIOTOWE W FORMIE NAZWY OGÓLNEJ LUB JEDNOSTKOWEJ
Nazwa ogólna lub geograficzna Short stories, American
700 1# - HASŁO DODATKOWE - NAZWA OSOBOWA
Nazwa osobowa ARVIN, Newton
Daty związane z nazwą (1900- )
942 ## - DODATKOWE ELEMENTY (KOHA)
Typ dokumentu Książka
Egzemplarze
Wycofany Status egzemplarza Uszkodzony Dostępność Lokalizacja stała Lokalizacja bieżąca Miejsce przechowywania Sygnatura Kod kreskowy Typ dokumentu
      Dostępny Biblioteka Politechniki Koszalińskiej Biblioteka Politechniki Koszalińskiej Wypożyczalnia Językowa KA 4729 09027947 Książka
© 2023 Biblioteka Politechniki Koszalińskiej :: KOHA